UNLEASHING INTELLECTUAL CAPITAL (Record no. 16492)

MARC details
000 -LEADER
fixed length control field 00347nam a2200133Ia 4500
008 - FIXED-LENGTH DATA ELEMENTS--GENERAL INFORMATION
fixed length control field 240624s9999 xx 000 0 und d
041 ## - LANGUAGE CODE
Language code of text/sound track or separate title eng
082 ## - DEWEY DECIMAL CLASSIFICATION NUMBER
Classification number 658.3 EHI
100 ## - MAIN ENTRY--PERSONAL NAME
Personal name EHIN CHARLES
245 ## - TITLE STATEMENT
Title UNLEASHING INTELLECTUAL CAPITAL
260 ## - PUBLICATION, DISTRIBUTION, ETC.
Date of publication, distribution, etc. 2000
Place of publication, distribution, etc. Boston
Name of publisher, distributor, etc. Butterworth Heinemann
300 ## - PHYSICAL DESCRIPTION
Extent xix, : 200 : p. : cm. ; 23
365 ## - TRADE PRICE
Currency code
Price amount 30
Holdings
Withdrawn status Lost status Damaged status Not for loan Home library Current library Shelving location Date acquired Source of acquisition Cost, normal purchase price Full call number Barcode Date last seen Copy number Price effective from Koha item type
        IMTN IMTN Rack 24-B 01/05/2011 BB 51.95 658.3 EHI 16492 06/24/2024 47.4 06/24/2024 Books
Designed & Maintained by: LRC IMT Nagpur Contact: lrc@imtnag.ac.in© 2024. All Rights Reserved.